Sermones quadragesimales Fratris Antonij De Vercellis De. xij. Mirabilibus Christianae Fidei Excellentijs Cum Tabula. Jtem Tractatus Optimus De Virtutibus EiusdeЗ Nouiter Jmpressus

Bibliographic Details
Main Author: Antonio da Vercelli, zomrel 1483 (Author)
Other Authors: Vercelli, Albertino da (Printer)
Format: Book
Language:Latin
PhysicalDescription:[12], cccccxxxvi [=536] listov 8° 16 cm
Published: (ImpressuЗ Venetijs Per Albertinum De Lisona Versellensem. Anno Domini. 1505. Die vero. 8. Januarij)
Subjects:

MARC

LEADER 00000nam a2200000 a 4500
001 vtls001515220
003 SK-MaSNL
005 20260301055817.0
008 251112s1505 it 000 0 lat
035 |a 26502Mal 
040 |a SNK  |b slo  |c SNK  |e AACR2 
041 0 |a lat 
044 |a it  |c IT 
072 7 |a 2-1  |x Prirodzená teológia. Náboženská filozofia  |2 konspekt 
080 |a 2-1  |2 2011 
080 |a 27-475.5  |2 2011 
100 0 |a Antonio da Vercelli,  |d zomrel 1483  |4 aut  |9 332272 
243 1 0 |a Sermones 
245 0 |a Sermones quadragesimales Fratris Antonij De Vercellis De. xij. Mirabilibus Christianae Fidei Excellentijs Cum Tabula. Jtem Tractatus Optimus De Virtutibus EiusdeЗ Nouiter Jmpressus 
246 1 3 |a Sermones quadragesimales 
260 |a (ImpressuЗ Venetijs  |b Per Albertinum De Lisona Versellensem.  |c Anno Domini. 1505. Die vero. 8. Januarij) 
300 |a [12], cccccxxxvi [=536] listov  |c 8°  |c 16 cm 
500 |a Iniciálky s ornamentálnym a figurálnym pozadím v rámčeku na 7 riadkov, reprezentanty iniciálok, rubriky 
510 0 |a Le edizioni A/2094; Index Aurel. 106. 092 
550 |a Údaje do impresa prevzaté z kolofónu 
561 |a Proveniencia: Conuentus Malaczken. 1653. - Fr Sigismundus phiae Lector. - Fratris Sigismundus Transyluan9 phiae Lector.  |5 SNK ID 101607 
561 |a Z knižnice františkánov v Malackách.  |5 SNK ID 101607 
563 |a Väzba: pôvodná, renesančná, tmavohnedá koža s ornamentálnou slepotlačou, stopy po sponách.  |5 SNK ID 101607 
650 0 7 |a teológia  |2 SNKPH  |9 1814 
650 0 7 |a kázne  |2 SNKPH  |9 1954 
655 7 |a staré tlače  |2 SNKPH  |9 69193 
700 1 |a Vercelli, Albertino da  |4 prt  |9 370027 
700 1 |a Transylvanus, Sigismundus  |4 fmo  |9 305301 
710 1 |a Františkáni (Malacky, Slovensko)  |4 fmo  |9 303409 
752 |a Taliansko  |d Benátky 
852 |a snk  |b Historické fondy  |p ID ID 101607 
958 |a ONDV 
999 |c 614213  |d 616143 
952 |t Fr Mal 26502  |a SNK  |b SNK  |c SNK_HF  |y PREZ  |7 0  |p 17A1356994  |o snkID 101607  |i snk2019/25881  |8 5  |0 0  |1 0  |4 0  |d 2005-04-05  |f 1  |l 0  |r 2005-04-05 00:00:00  |w 2026-02-23